Slovník počítačových zkratek /
Salvato in:
| Autore principale: | |
|---|---|
| Natura: | Libro |
| Lingua: | ceco |
| Pubblicazione: |
České Budějovice :
Kopp,
1994
|
| Soggetti: | |
| Tags: |
Nessun Tag, puoi essere il primo ad aggiungerne!!
|
MARC
| LEADER | 00000nam a22000003a 4500 | ||
|---|---|---|---|
| 001 | stu32136 | ||
| 005 | 20150617225732.4 | ||
| 008 | 950330s1994----cs------------------cze-d | ||
| 020 | |a 80-85828-14-6 | ||
| 040 | |a STU |b slo | ||
| 041 | 0 | |a cze | |
| 044 | |a cs | ||
| 080 | |a 004 |7 stu_us_auth*stu9200 | ||
| 100 | 1 | |a Černý, Vladislav |4 aut | |
| 245 | 1 | |a Slovník počítačových zkratek / |c [aut.] Černý,Vladislav | |
| 260 | |a České Budějovice : |b Kopp, |c 1994 | ||
| 300 | |a 121 s | ||
| 650 | 7 | |a počítačové skratky |2 stusub | |
| 996 | |b 284J021895 |c J*91202 |l JJSK |s A |a 24 |w stu32136_0001 | ||
| 996 | |b 284J021896 |c J*91203 |l JJSK |s A |a 24 |w stu32136_0002 | ||
| 996 | |b 284J021894 |c J*91201 |l JJSK |s A |a 24 |w stu32136_0003 | ||